| 000 | 00767nam a2200229Ia 4500 | ||
|---|---|---|---|
| 003 | GCL | ||
| 008 | 140319s9999 xx 000 0 ara d | ||
| 040 |
_aGCL / _cGCL |
||
| 082 | 0 | 4 |
_a193 _bهـ هـ |
| 100 | 1 | _aامام عبدالفتاح امام | |
| 245 | 1 | 0 |
_aهيجل : مج2 موسوعة العلوم الفلسفية / _cامام عبدالفتاح امام |
| 700 | 1 | _aهيجل, جورج فردودش | |
| 250 | _aالاولى | ||
| 260 |
_aالقاهرة : _bمكتبة مدبولى |
||
| 300 |
_a481 ص ؛ _c24سم |
||
| 490 |
_aالمكتبة الهيجلية : المؤلفات _v0 |
||
| 650 | 0 | 4 | _aالفلسفة |
| 650 | 0 | 4 | _aالفلسفة الحديثة |
| 650 | 0 | 4 | _aهيجل |
| 650 | 0 | 4 | _aالفلسفة الغربية |
| 942 |
_2ddc _cBK |
||
| 999 |
_c48108 _d48108 |
||